न्याय का स्वरूप / (Record no. 49312)

MARC details
000 -LEADER
fixed length control field 03855nam a22004097a 4500
005 - DATE AND TIME OF LATEST TRANSACTION
control field 20101206113148.0
010 ## - LCCN (DPL NO)
LC control number HIN-91345 B-442230-241
020 ## - INTERNATIONAL STANDARD BOOK NUMBER
Terms of availability 425.00
International Standard Book Number 9788170288664
035 ## - SYSTEM CONTROL NUMBER
System control number HN-63691
035 ## - SYSTEM CONTROL NUMBER
System control number B-442230-241
037 ## - SOURCE OF ACQUISITION
Source of stock number/acquisition DBAD/PUB
037 ## - SOURCE OF ACQUISITION
Source of stock number/acquisition बल्यूबेरी/
082 ## - DEWEY DECIMAL CLASSIFICATION NUMBER
Classification number 320.011
100 ## - MAIN ENTRY--PERSONAL NAME
Personal name सेन, अमर्त्य
245 ## - TITLE STATEMENT
Title न्याय का स्वरूप /
Statement of responsibility, etc अमर्त्य सेन; भवानीशंकर बागला द्वारा अनुदित
246 ## - VARYING FORM OF TITLE
Title proper/short title Nyaya ka Swaroop
Remainder of title by Amartya Sen
260 ## - PUBLICATION, DISTRIBUTION, ETC. (IMPRINT)
Place of publication, distribution, etc दिल्ली
Name of publisher, distributor, etc राजपाल एंड संज़
Date of publication, distribution, etc 2010
270 ## - ADDRESS
City दिल्ली
Postal code 110006
Electronic mail address mail @ rajpalpublishing.com
300 ## - PHYSICAL DESCRIPTION
Extent 384पृ.
Dimensions 22सेमी (सजिल्द)
700 ## - ADDED ENTRY--PERSONAL NAME
9 (RLIN) 24599
Personal name भवानीशंकर बागला
700 ## - ADDED ENTRY--PERSONAL NAME
9 (RLIN) 24924
942 ## - ADDED ENTRY ELEMENTS (KOHA)
Source of classification or shelving scheme Dewey Decimal Classification
Item type Hindi Books
Call number suffix सेनअ
Classification part 320.011
Holdings
Withdrawn status Lost status Not for loan Collection code Home library Current library Date acquired Source of acquisition Cost, normal purchase price Full call number Barcode Copy number Cost, replacement price Koha item type Public note
      Non-fiction Bawana Bawana 18/08/2011 बल्यूबेरी/6677/30.5.2011/79/15.3.11/13.711 425.00 320.011 सेनअ B-442236 1 425.00 Hindi Books  
      Non-fiction Bawana Bawana 18/08/2011 बल्यूबेरी/6677/30.5.2011/79/15.3.11/13.711 425.00 320.011 सेनअ B-442238 1 425.00 Hindi Books  
      Non-fiction Central Library Central Library 18/08/2011 बल्यूबेरी/6677/30.5.2011/79/15.3.11/13.711 425.00 320.011 सेनअ B-442230 2 425.00 Hindi Books  
      Non-fiction Central Library Central Library 18/08/2011 बल्यूबेरी/6677/30.5.2011/79/15.3.11/13.711 425.00 320.011 सेनअ B-442231 2 425.00 Hindi Books  
    Not For Loan Non-fiction D.B.Act.Division D.B.Act.Division 20/12/2010 DBAD /PUB 425.00 सेनअ HN-63691 1 425.00 Hindi Books  
      Non-fiction Janak Puri Janak Puri 18/08/2011 बल्यूबेरी/6677/30.5.2011/79/15.3.11/13.711 425.00 320.011 सेनअ B-442233 2 425.00 Hindi Books  
      Non-fiction Narela Narela 18/08/2011 बल्यूबेरी/6677/30.5.2011/79/15.3.11/13.711 425.00 320.011 सेनअ B-442237 1 425.00 Hindi Books  
      Non-fiction Patel Nagar Patel Nagar 18/08/2011 बल्यूबेरी/6677/30.5.2011/79/15.3.11/13.711 425.00 320.011 सेनअ B-442232 1 425.00 Hindi Books  
Written off     Non-fiction R.C.Libraries (BL-IV) R.C.Libraries (BL-IV) 18/08/2011 बल्यूबेरी/6677/30.5.2011/79/15.3.11/13.711 425.00 320.011 सेनअ B-442240 2 425.00 Hindi Books Written off vide C-30021/05/2022/Estt./110 dt.07.11.22
      Non-fiction R.C.Libraries (BL-IV) R.C.Libraries (BL-IV) 18/08/2011 बल्यूबेरी/6677/30.5.2011/79/15.3.11/13.711 425.00 320.011 सेनअ B-442241 2 425.00 Hindi Books  
      Non-fiction Sarojini Nagar Sarojini Nagar 18/08/2011 बल्यूबेरी/6677/30.5.2011/79/15.3.11/13.711 425.00 320.011 सेनअ B-442234 2 425.00 Hindi Books  
      Non-fiction Sarojini Nagar Sarojini Nagar 18/08/2011 बल्यूबेरी/6677/30.5.2011/79/15.3.11/13.711 425.00 320.011 सेनअ B-442235 1 425.00 Hindi Books  
      Non-fiction Shahdara Branch Shahdara Branch 18/08/2011 बल्यूबेरी/6677/30.5.2011/79/15.3.11/13.711 425.00 320.011 सेनअ B-442239 1 425.00 Hindi Books  

© Delhi Public Library
Hit Counter
free hit counter